• 首页
  • 本馆介绍
  • 公告通知
  • 最新文献
  • 馆藏检索
  • 电子资源
  • 读者导购
  • 参考咨询
  • 我的图书馆
  • 登录
  • 详细信息显示
  • 放入我的书架
  • 预约/预借图书
  • 作者相关作品
  • 分类相关作品
  • 丛书相关作品
  • 出版社相关作品

书目信息

  • 表格格式
  • 工作单格式
  • 卡片格式
题名:
仙客来栽培技术
    
 
作者: 王云山 编著
分册:  
出版信息: 北京   金盾出版社  1993.05
页数: 91页
开本: 19cm
丛书名:
单 册:
中图分类: S682.2
科图分类:
主题词: 观赏园艺 , 花卉 , 园林树木
电子资源:
ISBN: 7-80022-626-3
000 00590nam0 2200217 450
001 0731422331
005 20071218085139.84
010    @a7-80022-626-3@dCNY2.50
100    @a20071218d1993 km y0chiy0120 ea
101 0  @achi
102    @aCN@b110000
200 1  @a仙客来栽培技术@Axian ke lai zai pei ji shu@f王云山编著@Fwang yun shan bian zhu
210    @a北京@c金盾出版社@d1993.05
215    @a91页@d19cm
606 0  @a观赏园艺
606 0  @a花卉
606 0  @a园林树木
690    @aS682.2@v4
701  0 @a王云山@Awang yun shan@4编著
801  0 @aCN@bPFT@c20071218
905    @aBZT@dS682.2@e120
    
    仙客来栽培技术/王云山编著.-北京:金盾出版社,1993.05
    91页;19cm
    
    
    ISBN 7-80022-626-3:CNY2.50
    
●
相关链接 在五车中查询图书 在当当中查询图书 在豆瓣中查询图书


正题名:仙客来栽培技术     索取号:S682.2/120         预约/预借

序号 登录号 条形码 馆藏地/架位号 状态 备注
1 068646   220000443   中心书库中库/ 中库032架B面9列7层12/ [索取号:S682.2/120] 在馆    
2 068647   220000442   中心书库中库/ 中库032架B面9列7层10/ [索取号:S682.2/120] 在馆    
3 068648   220000441   中心书库中库/ 中库032架B面9列7层11/ [索取号:S682.2/120] 在馆    
4 068649   220000440   中心书库中库/ 中库032架A面5列3层95/ [索取号:S682.2/120] 在馆    
5 068650   220000444   中心书库中库/ 中库032架A面5列3层94/ [索取号:S682.2/120] 在馆    
6 072433   220000439   中心书库中库/ 中库032架A面5列3层97/ [索取号:S682.2/120] 在馆    
7 072434   220000438   中心书库中库/ 中库032架A面5列3层100/ [索取号:S682.2/120] 在馆    
8 072435   220000437   中心书库中库/ 中库032架A面5列3层93/ [索取号:S682.2/120] 在馆    
9 072436   220000436   中心书库中库/ 中库032架A面5列3层101/ [索取号:S682.2/120] 在馆    
10 072437   220000435   中心书库中库/ 中库032架A面5列3层9/ [索取号:S682.2/120] 在馆    
11 072438   220000434   中心书库中库/ 中库032架A面5列3层6/ [索取号:S682.2/120] 在馆    
12 072439   220000433   中心书库中库/ 中库032架A面5列3层7/ [索取号:S682.2/120] 在馆    
13 072440   220000432   中心书库中库/ 中库032架A面5列3层8/ [索取号:S682.2/120] 在馆    
14 072441   220000431   中心书库中库/ 中库032架A面5列3层14/ [索取号:S682.2/120] 在馆    
15 072442   220000430   中心书库中库/ 中库032架A面5列3层12/ [索取号:S682.2/120] 在馆    
16 072443   220000429   中心书库中库/ 中库032架A面5列3层18/ [索取号:S682.2/120] 在馆    
17 072444   220000428   中心书库中库/ 中库032架A面5列3层13/ [索取号:S682.2/120] 在馆    
18 072445   220000427   中心书库中库/ 中库032架A面5列3层19/ [索取号:S682.2/120] 在馆    
19 072446   220000426   中心书库中库/ 中库032架A面5列3层11/ [索取号:S682.2/120] 在馆    
20 072447   220000425   中心书库中库/ 中库032架A面5列3层102/ [索取号:S682.2/120] 在馆    
21 072448   220000424   中心书库中库/ 中库032架A面5列3层103/ [索取号:S682.2/120] 在馆    
22 072449   220000423   中心书库中库/ 中库032架A面5列3层104/ [索取号:S682.2/120] 在馆    
23 072450   220000422   中心书库中库/ 中库032架A面5列3层99/ [索取号:S682.2/120] 在馆    
24 072451   220000421   中心书库中库/ 中库032架A面5列3层10/ [索取号:S682.2/120] 在馆    
25 072452   220000420   中心书库中库/ 中库032架A面5列3层96/ [索取号:S682.2/120] 在馆    
山东省滨州职业学院图书馆 欢迎您!
大连网信软件有限公司© 版权所有